[Event "Mittelfranken Landesliga Nord 2122"]
[Site "Mittelfranken"]
[Date "2022.05.29"]
[Round "9.8"]
[White "Suess, Mirco"]
[Black "Mueller, Christian7"]
[Result "1/2-1/2"]
[WhiteElo "1916"]
[BlackElo "1930"]
[PlyCount "43"]
[EventDate "2021.10.24"]
[EventType "team-tourn"]
[EventRounds "9"]
[EventCountry "GER"]
[SourceTitle "EXT 2024"]
[Source "ChessBase"]
[SourceDate "2023.10.10"]
[SourceVersion "1"]
[SourceVersionDate "2023.10.10"]
[SourceQuality "1"]
[WhiteTeam "Klingenberg"]
[BlackTeam "Nuernberg SW"]
[WhiteTeamCountry "GER"]
[BlackTeamCountry "GER"]

1. c4 e6 2. e4 d5 3. cxd5 exd5 4. exd5 Nf6 5. Bb5+ Bd7 6. Qe2+ Qe7 7. Bc4 b5 8. Bb3 Na6 9. d4 Nb4 10. Nc3 a5 11. a3 Nd3+ 12. Kf1 Nxc1 13. Rxc1 b4 14. axb4 axb4 15. Nd1 Qxe2+ 16. Nxe2 Bd6 17. f3 0-0 18. Kf2 Rfe8 19. Ne3 Bb5 20. Rce1 g6 21. g4 Rad8 22. g5 1/2-1/2

[Event "Arco op 41st"]
[Site "Arco"]
[Date "2019.10.06"]
[Round "3"]
[White "Suess, Mirco"]
[Black "Palczert, Miklos"]
[Result "1/2-1/2"]
[WhiteElo "1969"]
[BlackElo "1749"]
[PlyCount "47"]
[EventDate "2019.10.04"]
[EventType "swiss"]
[EventRounds "9"]
[EventCountry "ITA"]
[SourceTitle "EXT 2020"]
[Source "ChessBase"]
[SourceDate "2019.10.17"]
[SourceVersion "1"]
[SourceVersionDate "2019.10.17"]
[SourceQuality "1"]

1. c4 c5 2. Nc3 Nc6 3. g3 g6 4. Bg2 Bg7 5. e3 d6 6. Nge2 Nf6 7. Nf4 Bd7 8. d4 0-0 9. 0-0 a6 10. h3 Rb8 11. dxc5 dxc5 12. Qe2 Qc8 13. Kh2 Rd8 14. Rd1 Ne8 15. Nfd5 Bxc3 16. bxc3 b5 17. cxb5 axb5 18. e4 e6 19. Bh6 exd5 20. exd5 Na5 21. Qe7 Ng7 22. g4 Bxg4 23. hxg4 Qxg4 24. Bxg7 1/2-1/2

[Event "Arco op 41st"]
[Site "Arco"]
[Date "2019.10.05"]
[Round "2"]
[White "Felgendreher, Heiko"]
[Black "Suess, Mirco"]
[Result "1-0"]
[WhiteElo "2196"]
[BlackElo "1969"]
[PlyCount "25"]
[EventDate "2019.10.04"]
[EventType "swiss"]
[EventRounds "9"]
[EventCountry "ITA"]
[SourceTitle "EXT 2020"]
[Source "ChessBase"]
[SourceDate "2019.10.17"]
[SourceVersion "1"]
[SourceVersionDate "2019.10.17"]
[SourceQuality "1"]

1. e4 e5 2. Nf3 Nf6 3. Nxe5 d6 4. Nf3 Nxe4 5. Nc3 Nxc3 6. dxc3 Be7 7. Be3 Nd7 8. Qd2 Nf6 9. Bd3 Bg4 10. Nd4 Nd5 11. 0-0 Nxe3 12. Qxe3 0-0 13. Qe4 1-0

[Event "Arco op-A 39th"]
[Site "Arco"]
[Date "2017.10.12"]
[Round "6"]
[White "Suess, Mirco"]
[Black "De Simone Sorrentino, Fabio"]
[Result "1-0"]
[WhiteElo "1923"]
[BlackElo "1659"]
[PlyCount "45"]
[EventDate "2017.10.07"]
[EventType "swiss"]
[EventRounds "9"]
[EventCountry "ITA"]
[SourceTitle "CBM 181 Extra"]
[Source "ChessBase"]
[SourceDate "2017.12.12"]
[SourceVersion "1"]
[SourceVersionDate "2017.12.12"]
[SourceQuality "1"]

1. c4 e6 2. Nc3 d5 3. cxd5 exd5 4. d4 c6 5. Qc2 Bd6 6. Nf3 Ne7 7. Bg5 f6 8. Bh4 Bf5 9. Qb3 Bc8 10. e3 Qa5 11. Bd3 Nd7 12. Qc2 Nf8 13. Nd2 Be6 14. Nb3 Qd8 15. Bg3 Bf7 16. Bxd6 Qxd6 17. f3 Bg6 18. e4 dxe4 19. fxe4 Ne6 20. 0-0-0 Nxd4 21. Nxd4 Qxd4 22. Nd5 cxd5 23. Bb5+ 1-0

[Event "Arco op-A 39th"]
[Site "Arco"]
[Date "2017.10.11"]
[Round "5"]
[White "Suess, Mirco"]
[Black "Tocco, Paolo"]
[Result "0-1"]
[WhiteElo "1923"]
[BlackElo "2097"]
[PlyCount "42"]
[EventDate "2017.10.07"]
[EventType "swiss"]
[EventRounds "9"]
[EventCountry "ITA"]
[SourceTitle "CBM 181 Extra"]
[Source "ChessBase"]
[SourceDate "2017.12.12"]
[SourceVersion "1"]
[SourceVersionDate "2017.12.12"]
[SourceQuality "1"]

1. d4 b6 2. e4 Bb7 3. Bd3 e6 4. c4 f5 5. exf5 Bb4+ 6. Kf1 Nf6 7. fxe6 dxe6 8. Ne2 0-0 9. Bg5 h6 10. Bh4 Ng4 11. Bxd8 Ne3+ 12. Kg1 Nxd1 13. Bh4 Be1 14. Nd2 Bxf2+ 15. Bxf2 Nxf2 16. Bh7+ Kxh7 17. Rf1 Nh3+ 18. gxh3 Rxf1+ 19. Nxf1 Bxh1 20. Kxh1 Nc6 21. h4 Rd8 0-1

[Event "Landesliga Nord 0910"]
[Site "Bayern"]
[Date "2010.03.21"]
[Round "8.7"]
[White "Suess, Mirco"]
[Black "Sarec, Ivica"]
[Result "0-1"]
[WhiteElo "1929"]
[BlackElo "2038"]
[PlyCount "156"]
[EventDate "2009.10.18"]
[EventType "team-tourn"]
[EventRounds "9"]
[EventCountry "GER"]
[SourceTitle "EXT 2011"]
[Source "ChessBase"]
[SourceDate "2010.11.26"]
[SourceVersion "1"]
[SourceVersionDate "2010.11.26"]
[SourceQuality "1"]
[WhiteTeam "Klingenberg"]
[BlackTeam "Puschendorf"]
[WhiteTeamCountry "GER"]
[BlackTeamCountry "GER"]

1. d4 Nf6 2. Nf3 c5 3. e3 d5 4. c3 Qc7 5. Bd3 g6 6. Nbd2 Bg7 7. 0-0 0-0 8. Re1 Bf5 9. Nf1 a6 10. Bxf5 gxf5 11. Ng3 e6 12. Ng5 Nbd7 13. Nh5 Nxh5 14. Qxh5 Nf6 15. Qh4 Rac8 16. a4 Rfe8 17. Nf3 Qe7 18. Ne5 Ne4 19. Qxe7 Rxe7 20. Nd3 c4 21. Nf4 Rc6 22. f3 Nf6 23. Ne2 h5 24. h4 Bh6 25. Ng3 Rb6 26. Re2 Kg7 27. e4 Bxc1 28. Rxc1 fxe4 29. fxe4 Nxe4 30. Nxh5+ Kh6 31. Nf4 f5 32. Kh2 Rg7 33. a5 Rc6 34. Re3 b6 35. axb6 Rxb6 36. Rc2 a5 37. Kh3 Rg4 38. g3 Rg8 39. Kh2 a4 40. Kh3 Rg4 41. Rg2 Rg8 42. Rc2 Ra8 43. Kg2 a3 44. bxa3 Rxa3 45. Rf3 Ra1 46. Ne2 Rd1 47. Rf1 Rxf1 48. Kxf1 Kh5 49. Kg2 Kg4 50. Ra2 Rb7 51. Rc2 Rg7 52. Rc1 Rg8 53. Rf1 Rb8 54. Rf4+ Kh5 55. Rf3 Rb2 56. Re3 Nxc3 57. Rxc3 Rxe2+ 58. Kf3 Re4 59. Ra3 Rxd4 60. Ra6 Re4 61. Rc6 Kg6 62. Rc7 Rd4 63. Ke3 Rg4 64. Kf3 Kf6 65. Rc6 Ke5 66. h5 Rg7 67. Rc8 Rh7 68. g4 fxg4+ 69. Kxg4 Kd4 70. Kg5 e5 71. Kg6 Rxh5 72. Kxh5 e4 73. Kg4 c3 74. Kf4 Kd3 75. Rc5 d4 76. Re5 c2 77. Rxe4 c1Q+ 78. Ke5 Qg5+ 0-1

[Event "Landesliga Nord 0910"]
[Site "Bayern"]
[Date "2009.12.13"]
[Round "4.8"]
[White "Suess, Mirco"]
[Black "Lukas, Norbert"]
[Result "1/2-1/2"]
[WhiteElo "1929"]
[BlackElo "1961"]
[PlyCount "62"]
[EventDate "2009.10.18"]
[EventType "team-tourn"]
[EventRounds "9"]
[EventCountry "GER"]
[SourceTitle "EXT 2011"]
[Source "ChessBase"]
[SourceDate "2010.11.26"]
[SourceVersion "1"]
[SourceVersionDate "2010.11.26"]
[SourceQuality "1"]
[WhiteTeam "Klingenberg"]
[BlackTeam "Schweinfurt"]
[WhiteTeamCountry "GER"]
[BlackTeamCountry "GER"]

1. e4 e6 2. d4 d5 3. Nd2 dxe4 4. Nxe4 Nd7 5. Nf3 Ngf6 6. Bg5 Be7 7. Bxf6 Nxf6 8. Bd3 Nxe4 9. Bxe4 f5 10. Ne5 0-0 11. Bf3 Bf6 12. 0-0 c5 13. c3 cxd4 14. Qxd4 Qc7 15. Rfe1 Rd8 16. Qe3 Bxe5 17. Qxe5 Qxe5 18. Rxe5 Rd2 19. Re2 Rxe2 20. Bxe2 Kf7 21. Rd1 Ke7 22. Bf3 Bd7 23. Rd2 Rb8 24. Kf1 b6 25. Ke2 g5 26. g4 Bb5+ 27. Kd1 Kf6 28. b3 Rc8 29. c4 Be8 30. Ke2 h5 31. gxf5 exf5 1/2-1/2

[Event "GER T48-C20-S1 email"]
[Site "GER email"]
[Date "2009.01.02"]
[Round "?"]
[White "Bendig, Frank"]
[Black "Suess, Mirco"]
[Result "1-0"]
[WhiteElo "2093"]
[BlackElo "1640"]
[PlyCount "47"]
[EventDate "2009.??.??"]
[EventType "tourn (corr)"]
[EventRounds "6"]
[EventCountry "GER"]
[SourceTitle "Corr 2011"]
[Source "ChessBase"]
[SourceDate "2010.08.31"]
[SourceVersion "1"]
[SourceVersionDate "2010.08.31"]
[SourceQuality "1"]

1. e4 e5 2. Qh5 Nc6 3. Bc4 Qe7 4. Nf3 Nf6 5. Qh4 d5 6. exd5 e4 7. 0-0 Na5 8. Bb5+ c6 9. Re1 cxb5 10. Nc3 exf3 11. Rxe7+ Bxe7 12. b4 Nxd5 13. Qg3 Nxc3 14. dxc3 Nc6 15. Qxg7 Rf8 16. Qxh7 Bf6 17. Qe4+ Be6 18. Qxf3 Be5 19. a4 0-0-0 20. Bf4 Rd5 21. axb5 Rxb5 22. Re1 Bxf4 23. Qxf4 Rg8 24. f3 1-0

[Event "GER T48-C20-S1 email"]
[Site "GER email"]
[Date "2009.01.02"]
[Round "?"]
[White "Rohde, Friedhelm"]
[Black "Suess, Mirco"]
[Result "1-0"]
[WhiteElo "2170"]
[BlackElo "1640"]
[PlyCount "36"]
[EventDate "2009.??.??"]
[EventType "tourn (corr)"]
[EventRounds "6"]
[EventCountry "GER"]
[SourceTitle "Corr 2011"]
[Source "ChessBase"]
[SourceDate "2010.08.31"]
[SourceVersion "1"]
[SourceVersionDate "2010.08.31"]
[SourceQuality "1"]

1. e4 e5 2. Qh5 Nc6 3. Bc4 Qe7 4. Nc3 Nf6 5. Qd1 Nd4 6. Nf3 c6 7. 0-0 d6 8. Nxd4 exd4 9. Ne2 Qxe4 10. d3 Qh4 11. g3 Qh3 12. Re1 Be7 13. Nxd4 Ng4 14. Nf3 d5 15. Bg5 Be6 16. Bxe7 dxc4 17. Qd2 Kxe7 18. Qb4+ Kf6 1-0

[Event "GER theme 28-B00-S email"]
[Site "GER email"]
[Date "2008.11.21"]
[Round "?"]
[White "Anderskewitz, Ralf"]
[Black "Suess, Mirco"]
[Result "1-0"]
[WhiteElo "2075"]
[BlackElo "1640"]
[PlyCount "33"]
[EventDate "2008.??.??"]
[EventType "tourn (corr)"]
[EventRounds "8"]
[EventCountry "GER"]
[SourceTitle "Corr 2011"]
[Source "ChessBase"]
[SourceDate "2010.08.31"]
[SourceVersion "1"]
[SourceVersionDate "2010.08.31"]
[SourceQuality "1"]

1. e4 b6 2. d4 Bb7 3. Bd3 e6 4. Nf3 Nf6 5. e5 Ne4 6. Qe2 f5 7. Nbd2 Nxd2 8. Bxd2 Be7 9. 0-0-0 0-0 10. h4 a6 11. g4 fxg4 12. Ng5 Bxg5 13. hxg5 Bf3 14. Bxh7+ Kf7 15. Qd3 Bxh1 16. Qg6+ Ke7 17. Qxg7+ 1-0

[Event "GER theme T36-A10-S email"]
[Site "GER email"]
[Date "2008.11.08"]
[Round "?"]
[White "Suess, Mirco"]
[Black "Krause, Volker"]
[Result "1-0"]
[WhiteElo "2095"]
[BlackElo "1640"]
[PlyCount "35"]
[EventDate "2008.11.15"]
[EventType "tourn (corr)"]
[EventRounds "8"]
[EventCountry "GER"]
[SourceTitle "Corr 2011"]
[Source "ChessBase"]
[SourceDate "2010.08.31"]
[SourceVersion "1"]
[SourceVersionDate "2010.08.31"]
[SourceQuality "1"]

1. c4 d5 2. cxd5 Nf6 3. e4 c6 4. Qa4 Bd7 5. Qc2 cxd5 6. e5 Ng8 7. d4 e6 8. Nf3 Nc6 9. a3 g6 10. Nc3 f6 11. Bd3 h5 12. Bxg6+ Ke7 13. exf6+ Nxf6 14. Nxd5+ Nxd5 15. Bg5+ Kd6 16. Bxd8 Rxd8 17. Ne5 Ke7 18. Nf7 1-0

[Event "GER theme T36-A10-S email"]
[Site "GER email"]
[Date "2008.11.08"]
[Round "?"]
[White "Suess, Mirco"]
[Black "Offenborn, Heinz"]
[Result "1/2-1/2"]
[WhiteElo "2095"]
[BlackElo "2129"]
[PlyCount "42"]
[EventDate "2008.11.15"]
[EventType "tourn (corr)"]
[EventRounds "8"]
[EventCountry "GER"]
[SourceTitle "Corr 2011"]
[Source "ChessBase"]
[SourceDate "2010.08.31"]
[SourceVersion "1"]
[SourceVersionDate "2010.08.31"]
[SourceQuality "1"]

1. c4 d5 2. cxd5 Nf6 3. e4 c6 4. Qa4 Bd7 5. Qc2 cxd5 6. e5 Ne4 7. f3 Ng5 8. d4 Ne6 9. Be3 Nc6 10. Qd2 Qa5 11. Nc3 g6 12. Nge2 f6 13. f4 Bh6 14. exf6 exf6 15. g3 Nc7 16. Bg2 0-0-0 17. Nxd5 Qxd2+ 18. Kxd2 Nxd5 19. Bxd5 Rhe8 20. Rac1 Kb8 21. Rhe1 Bg7 1/2-1/2

[Event "Regionalliga NW 0809"]
[Site "Bayern"]
[Date "2008.10.26"]
[Round "2.6"]
[White "Kuespert, Helmut"]
[Black "Suess, Mirco"]
[Result "1-0"]
[WhiteElo "1971"]
[BlackElo "1930"]
[PlyCount "145"]
[EventDate "2008.10.05"]
[EventType "team-tourn"]
[EventRounds "9"]
[EventCountry "GER"]
[SourceTitle "EXT 2020"]
[Source "ChessBase"]
[SourceDate "2019.10.17"]
[SourceVersion "1"]
[SourceVersionDate "2019.10.17"]
[SourceQuality "1"]
[WhiteTeam "Marktleuthen"]
[BlackTeam "Klingenberg"]
[WhiteTeamCountry "GER"]
[BlackTeamCountry "GER"]

1. e4 e6 2. d4 d5 3. e5 c5 4. c3 Nc6 5. Be3 Qb6 6. Qd2 c4 7. f4 Nge7 8. Nf3 Nf5 9. Bf2 h5 10. g3 Na5 11. Qc2 Qc7 12. Nbd2 b5 13. Be2 Bd7 14. 0-0 Be7 15. h3 g6 16. Kg2 Nc6 17. Rh1 b4 18. g4 Ng7 19. Bh4 bxc3 20. bxc3 Bxh4 21. Nxh4 Ne7 22. Nhf3 Rb8 23. Ng5 Qa5 24. Rhb1 Rb5 25. Bxc4 Rxb1 26. Rxb1 dxc4 27. Nxc4 Qd5+ 28. Ne4 0-0 29. Ne3 Qc6 30. c4 f5 31. exf6 Rxf6 32. d5 exd5 33. Nxf6+ Qxf6 34. Rb8+ Kh7 35. Kg3 Qd4 36. Nxd5 Nxd5 37. cxd5 Qe3+ 38. Kg2 hxg4 39. Rb3 gxh3+ 40. Kh1 Qxf4 41. Qe2 Bg4 42. Qd3 Bf5 43. Qg3 Be4+ 44. Kh2 Qd2+ 45. Kg1 h2+ 46. Qxh2+ Qxh2+ 47. Kxh2 Bxd5 48. Ra3 Kh6 49. Rxa7 Nf5 50. a4 g5 51. Ra5 Be6 52. Re5 Bc8 53. Rc5 Bd7 54. a5 Nh4 55. a6 Bg4 56. Rc6+ Kh5 57. a7 Bf3 58. a8Q Bxc6 59. Qxc6 Nf5 60. Qe4 Kg6 61. Kh3 Kf6 62. Kg4 Nh6+ 63. Kh5 Nf7 64. Qg6+ Ke7 65. Qg7 Ke6 66. Kg4 Nd6 67. Kxg5 Ne4+ 68. Kf4 Nf6 69. Qg6 Ke7 70. Kf5 Ne8 71. Ke5 Kd7 72. Qf7+ Kd8 73. Ke6 1-0

[Event "GER theme T53-C02-S email"]
[Site "GER email"]
[Date "2008.08.04"]
[Round "?"]
[White "Suess, Mirco"]
[Black "Wrede, Michael"]
[Result "0-1"]
[WhiteElo "2095"]
[BlackElo "2268"]
[PlyCount "36"]
[EventDate "2008.??.??"]
[EventType "tourn (corr)"]
[EventRounds "8"]
[EventCountry "GER"]
[SourceTitle "Corr 2011"]
[Source "ChessBase"]
[SourceDate "2010.08.31"]
[SourceVersion "1"]
[SourceVersionDate "2010.08.31"]
[SourceQuality "1"]

1. e4 e6 2. d4 d5 3. e5 c5 4. b4 cxd4 5. a3 a5 6. b5 Nd7 7. f4 f6 8. Bd3 Nh6 9. Nf3 Bc5 10. 0-0 0-0 11. Nbd2 a4 12. Bb2 Nf5 13. Bxf5 exf5 14. Bxd4 Bxd4+ 15. Nxd4 fxe5 16. fxe5 Nxe5 17. Qh5 Qb6 18. Qh4 Ng4 0-1

[Event "GER theme T53-C02-S email"]
[Site "GER email"]
[Date "2008.08.04"]
[Round "?"]
[White "Wrede, Michael"]
[Black "Suess, Mirco"]
[Result "1-0"]
[WhiteElo "2268"]
[BlackElo "2095"]
[PlyCount "39"]
[EventDate "2008.??.??"]
[EventType "tourn (corr)"]
[EventRounds "8"]
[EventCountry "GER"]
[SourceTitle "Corr 2011"]
[Source "ChessBase"]
[SourceDate "2010.08.31"]
[SourceVersion "1"]
[SourceVersionDate "2010.08.31"]
[SourceQuality "1"]

1. e4 e6 2. d4 d5 3. e5 c5 4. b4 cxd4 5. a3 a5 6. b5 Nd7 7. Nf3 f6 8. exf6 Ngxf6 9. Nxd4 Nc5 10. Be2 e5 11. Nf3 Bd6 12. 0-0 0-0 13. a4 Qc7 14. Nc3 Be6 15. Ng5 d4 16. Ba3 Qe7 17. Bxc5 Bxc5 18. Nce4 Nxe4 19. Nxe4 Bb4 20. Bd3 1-0

[Event "GER theme T44-B02-S email"]
[Site "GER email"]
[Date "2008.06.03"]
[Round "?"]
[White "Krause, Volker"]
[Black "Suess, Mirco"]
[Result "0-1"]
[WhiteElo "1356"]
[BlackElo "2095"]
[PlyCount "74"]
[EventDate "2008.??.??"]
[EventType "tourn (corr)"]
[EventRounds "8"]
[EventCountry "GER"]
[SourceTitle "Corr 2011"]
[Source "ChessBase"]
[SourceDate "2010.08.31"]
[SourceVersion "1"]
[SourceVersionDate "2010.08.31"]
[SourceQuality "1"]

1. e4 Nf6 2. e5 Nd5 3. c4 Nb6 4. c5 Nd5 5. Nc3 e6 6. Nf3 Bxc5 7. Nxd5 exd5 8. d4 Bb4+ 9. Bd2 Bxd2+ 10. Qxd2 d6 11. exd6 Qxd6 12. Bb5+ Bd7 13. Bxd7+ Nxd7 14. Qe3+ Qe7 15. Qxe7+ Kxe7 16. 0-0 Rhe8 17. Rfe1+ Kf8 18. Rxe8+ Rxe8 19. Re1 Rxe1+ 20. Nxe1 Ke7 21. Nd3 Nf8 22. b4 Ne6 23. Nc5 Nxc5 24. bxc5 b6 25. cxb6 axb6 26. Kf1 Kd6 27. Ke2 Kc6 28. Kd3 Kb5 29. Kc3 Ka4 30. Kb2 Kb4 31. a3+ Kc4 32. a4 Kxd4 33. Kb3 Kd3 34. Kb4 c6 35. h4 d4 36. a5 bxa5+ 37. Kxa5 c5 0-1

[Event "GER theme T44-B02-S email"]
[Site "GER email"]
[Date "2008.06.03"]
[Round "?"]
[White "Suess, Mirco"]
[Black "Bendig, Frank"]
[Result "1/2-1/2"]
[WhiteElo "2095"]
[BlackElo "2377"]
[PlyCount "69"]
[EventDate "2008.??.??"]
[EventType "tourn (corr)"]
[EventRounds "8"]
[EventCountry "GER"]
[SourceTitle "Corr 2011"]
[Source "ChessBase"]
[SourceDate "2010.08.31"]
[SourceVersion "1"]
[SourceVersionDate "2010.08.31"]
[SourceQuality "1"]

1. e4 Nf6 2. e5 Nd5 3. c4 Nb6 4. d4 d6 5. f4 g6 6. Be3 dxe5 7. fxe5 Bg7 8. Nc3 0-0 9. Nf3 c5 10. dxc5 N6d7 11. e6 fxe6 12. Be2 Na6 13. 0-0 Ndxc5 14. Qe1 Bd7 15. Qh4 Bc6 16. Nd4 Qd6 17. Rad1 Rxf1+ 18. Bxf1 Bf6 19. Qh3 Bxd4 20. Rxd4 Qe5 21. Rd2 b6 22. Bh6 Nd7 23. Re2 Qc5+ 24. Rf2 Nc7 25. a3 Rc8 26. Be3 Qe5 27. Bf4 Qh5 28. Qxh5 gxh5 29. Bg5 Nf6 30. Be2 Nce8 31. b3 Kg7 32. Bf3 Kg6 33. Bf4 Bxf3 34. Rxf3 Rd8 35. Nb5 1/2-1/2

[Event "GER theme T44-B02-S email"]
[Site "GER email"]
[Date "2008.06.03"]
[Round "?"]
[White "Zielinski, Sergej"]
[Black "Suess, Mirco"]
[Result "1-0"]
[WhiteElo "2332"]
[BlackElo "2095"]
[PlyCount "61"]
[EventDate "2008.??.??"]
[EventType "tourn (corr)"]
[EventRounds "8"]
[EventCountry "GER"]
[SourceTitle "Corr 2011"]
[Source "ChessBase"]
[SourceDate "2010.08.31"]
[SourceVersion "1"]
[SourceVersionDate "2010.08.31"]
[SourceQuality "1"]

1. e4 Nf6 2. e5 Nd5 3. c4 Nb6 4. c5 Nd5 5. Bc4 c6 6. Nc3 d6 7. Qb3 Nd7 8. Nxd5 Nxc5 9. Nc7+ Kd7 10. Qe3 Kxc7 11. Bxf7 Bf5 12. Bc4 d5 13. Nf3 dxc4 14. Qxc5 Bd3 15. Nd4 Kc8 16. Ne6 Qd7 17. Nf4 e6 18. Qe3 b6 19. Nxd3 Qxd3 20. Qxd3 cxd3 21. b3 a5 22. Bb2 a4 23. h4 Bc5 24. Rh3 Rd8 25. Bc3 Rd7 26. b4 Be7 27. Rb1 Kb7 28. f4 Rf8 29. g3 h5 30. Kf2 b5 31. Kf3 1-0

[Event "Regionalliga NW 0708"]
[Site "Bayern"]
[Date "2008.04.06"]
[Round "8.7"]
[White "Suess, Mirco"]
[Black "Eckert, Leo"]
[Result "1-0"]
[WhiteElo "1964"]
[BlackElo "1893"]
[PlyCount "71"]
[EventDate "2007.10.21"]
[EventType "team-tourn"]
[EventRounds "9"]
[EventCountry "GER"]
[SourceTitle "EXT 2009"]
[Source "ChessBase"]
[SourceDate "2008.11.26"]
[SourceVersion "1"]
[SourceVersionDate "2008.11.26"]
[SourceQuality "1"]
[WhiteTeam "Klingenberg"]
[BlackTeam "Kitzingen"]
[WhiteTeamCountry "GER"]
[BlackTeamCountry "GER"]

1. e4 c5 2. Nc3 Nc6 3. g3 g6 4. Bg2 Bg7 5. Nge2 Nf6 6. f4 0-0 7. 0-0 Rb8 8. d3 b5 9. e5 Ng4 10. h3 Nh6 11. Be3 c4 12. d4 b4 13. Ne4 d5 14. Nc5 f6 15. g4 fxe5 16. fxe5 Rxf1+ 17. Qxf1 e6 18. Qc1 Nf7 19. b3 Na5 20. a3 cxb3 21. cxb3 bxa3 22. Qxa3 Nc6 23. Bd2 Bf8 24. Rc1 Qb6 25. Bf1 Be7 26. b4 Nxb4 27. Bxb4 Qxb4 28. Qxa7 Bg5 29. Nd3 Qb3 30. Rc3 Qb1 31. Rc7 Be3+ 32. Kg2 Ng5 33. Rg7+ Kh8 34. Qe7 Ba6 35. Qf6 Qxf1+ 36. Qxf1 1-0

[Event "GER theme T41-C57-S email"]
[Site "GER email"]
[Date "2008.02.10"]
[Round "?"]
[White "Bennewitz, Bernhard"]
[Black "Suess, Mirco"]
[Result "0-1"]
[WhiteElo "2090"]
[BlackElo "2095"]
[PlyCount "68"]
[EventDate "2008.??.??"]
[EventType "tourn (corr)"]
[EventRounds "8"]
[EventCountry "GER"]
[SourceTitle "Corr 2011"]
[Source "ChessBase"]
[SourceDate "2010.08.31"]
[SourceVersion "1"]
[SourceVersionDate "2010.08.31"]
[SourceQuality "1"]

1. e4 e5 2. Nf3 Nc6 3. Bc4 Nf6 4. Ng5 Bc5 5. Nxf7 Bxf2+ 6. Kxf2 Nxe4+ 7. Kg1 Qh4 8. g3 Nxg3 9. hxg3 Qxg3+ 10. Kf1 Rf8 11. Qh5 d5 12. Bxd5 Nb4 13. Bc4 b5 14. Bb3 Nxc2 15. Bd5 g6 16. Qe2 c6 17. Qf3 Qxf3+ 18. Bxf3 Rxf7 19. Kg2 Bb7 20. Be4 Nxa1 21. Na3 0-0-0 22. d3 c5 23. Bg5 Rxd3 24. Bxb7+ Kxb7 25. Rxa1 Rf5 26. Bh6 Rh5 27. Bg7 Rd2+ 28. Kf3 Rxb2 29. Rb1 Rxb1 30. Nxb1 Rh2 31. Bxe5 Rxa2 32. Ke4 Re2+ 33. Kd5 Rxe5+ 34. Kxe5 Kc6 0-1

[Event "GER theme T41-C57-S email"]
[Site "GER email"]
[Date "2008.02.10"]
[Round "?"]
[White "Kirstein, Hans"]
[Black "Suess, Mirco"]
[Result "0-1"]
[WhiteElo "1468"]
[BlackElo "2095"]
[PlyCount "38"]
[EventDate "2008.??.??"]
[EventType "tourn (corr)"]
[EventRounds "8"]
[EventCountry "GER"]
[SourceTitle "Corr 2011"]
[Source "ChessBase"]
[SourceDate "2010.08.31"]
[SourceVersion "1"]
[SourceVersionDate "2010.08.31"]
[SourceQuality "1"]

1. e4 e5 2. Nf3 Nc6 3. Bc4 Nf6 4. Ng5 Bc5 5. Nxf7 Bxf2+ 6. Kf1 Qe7 7. Nxh8 d5 8. exd5 Nd4 9. c3 Bg4 10. Qa4+ Nd7 11. Kxf2 Qh4+ 12. g3 Qf6+ 13. Ke1 Qf5 14. cxd4 Qe4+ 15. Kf2 Qf3+ 16. Ke1 Qxh1+ 17. Bf1 0-0-0 18. Nf7 Qe4+ 19. Kf2 Rf8 0-1

[Event "GER theme T41-C57-S email"]
[Site "GER email"]
[Date "2008.02.10"]
[Round "?"]
[White "Suess, Mirco"]
[Black "Bennewitz, Bernhard"]
[Result "1-0"]
[WhiteElo "2095"]
[BlackElo "2090"]
[PlyCount "55"]
[EventDate "2008.??.??"]
[EventType "tourn (corr)"]
[EventRounds "8"]
[EventCountry "GER"]
[SourceTitle "Corr 2011"]
[Source "ChessBase"]
[SourceDate "2010.08.31"]
[SourceVersion "1"]
[SourceVersionDate "2010.08.31"]
[SourceQuality "1"]

1. e4 e5 2. Nf3 Nc6 3. Bc4 Nf6 4. Ng5 Bc5 5. Bxf7+ Ke7 6. Bd5 Rf8 7. Nf3 d6 8. c3 Qe8 9. 0-0 Bg4 10. Bxc6 bxc6 11. d4 Bxf3 12. gxf3 Bb6 13. a4 a5 14. dxe5 dxe5 15. Qe2 Nh5 16. Kh1 Qf7 17. Bg5+ Ke8 18. Nd2 Nf4 19. Bxf4 Qxf4 20. Rg1 Rd8 21. Nc4 Rf7 22. Rg4 Qf6 23. Rag1 g6 24. R1g3 Rfd7 25. Rg5 Re7 26. Kg2 Kf8 27. h4 Qf4 28. Qe1 1-0

[Event "GER theme T41-C57-S email"]
[Site "GER email"]
[Date "2008.02.10"]
[Round "?"]
[White "Suess, Mirco"]
[Black "Kirstein, Hans"]
[Result "1-0"]
[WhiteElo "2095"]
[BlackElo "1468"]
[PlyCount "31"]
[EventDate "2008.??.??"]
[EventType "tourn (corr)"]
[EventRounds "8"]
[EventCountry "GER"]
[SourceTitle "Corr 2011"]
[Source "ChessBase"]
[SourceDate "2010.08.31"]
[SourceVersion "1"]
[SourceVersionDate "2010.08.31"]
[SourceQuality "1"]

1. e4 e5 2. Nf3 Nc6 3. Bc4 Nf6 4. Ng5 Bc5 5. Nxf7 Bxf2+ 6. Kf1 Qe7 7. Nxh8 d5 8. exd5 Bg4 9. Be2 Bxe2+ 10. Qxe2 Nd4 11. Qxf2 0-0-0 12. d6 cxd6 13. Nc3 Rxh8 14. Kg1 Rf8 15. Qh4 d5 16. h3 1-0

[Event "GER theme T41-C57-S email"]
[Site "GER email"]
[Date "2008.02.10"]
[Round "?"]
[White "Tropf, Peter"]
[Black "Suess, Mirco"]
[Result "0-1"]
[WhiteElo "2197"]
[BlackElo "2095"]
[PlyCount "106"]
[EventDate "2008.??.??"]
[EventType "tourn (corr)"]
[EventRounds "8"]
[EventCountry "GER"]
[SourceTitle "Corr 2011"]
[Source "ChessBase"]
[SourceDate "2010.08.31"]
[SourceVersion "1"]
[SourceVersionDate "2010.08.31"]
[SourceQuality "1"]

1. e4 e5 2. Nf3 Nc6 3. Bc4 Nf6 4. Ng5 Bc5 5. Bxf7+ Ke7 6. Bb3 Rf8 7. d3 d6 8. Nf3 Qe8 9. Be3 Bxe3 10. fxe3 Na5 11. Nc3 Nxb3 12. axb3 Kf7 13. 0-0 Kg8 14. d4 Bg4 15. Qd3 c6 16. Nh4 a6 17. h3 Bh5 18. d5 c5 19. Rf2 Bg6 20. g4 b5 21. g5 Nd7 22. Nf5 b4 23. Na4 Bxf5 24. exf5 e4 25. Qe2 Qe5 26. Qg4 Qxd5 27. Rd1 Qc6 28. f6 Rae8 29. f7+ Rxf7 30. Rxf7 Ne5 31. Rxg7+ Kxg7 32. Qf5 c4 33. Qf6+ Kg8 34. Rxd6 Qc7 35. g6 hxg6 36. bxc4 Qxc4 37. Kh1 Qc8 38. Qf1 Qxc2 39. Nb6 Rf8 40. Rf6 Rxf6 41. Qxf6 Qd1+ 42. Kg2 Qe2+ 43. Kh1 Qf3+ 44. Qxf3 exf3 45. Kh2 Kf7 46. e4 Ke6 47. Kg3 Kd6 48. Na4 b3 49. Kf2 Kc6 50. h4 Kb5 51. Nc3+ Kc4 52. Ke3 a5 53. Na4 Kb4 0-1